Về bản giao ước nhượng đất, mở chợ của hai xã Côi Trì và Yên Mô năm 1755 /

সংরক্ষণ করুন:
গ্রন্থ-পঞ্জীর বিবরন
প্রধান লেখক: Đinh Văn Viễn, ThS.
বিন্যাস: প্রবন্ধ
ভাষা:Vietnamese
বিষয়গুলি:
ট্যাগগুলো: ট্যাগ যুক্ত করুন
কোনো ট্যাগ নেই, প্রথমজন হিসাবে ট্যাগ করুন!
Thư viện lưu trữ: Thư viện Trường Đại học Đà Lạt
LEADER 00787nam a2200253 4500
001 DLU160175237
005 ##20160321
040 # # |a DLU  |b vie 
041 # # |a vie 
044 # # |a vn 
100 # # |a Đinh Văn Viễn,   |c ThS. 
245 # # |a Về bản giao ước nhượng đất, mở chợ của hai xã Côi Trì và Yên Mô năm 1755 /  |c Đinh Văn Viễn. 
653 # # |a Chợ Bút 
653 # # |a Yên Mô (Ninh Bình) 
773 # # |t Tạp chí Nghiên cứu Lịch sử  |g Số 6 (422), 2011, tr.69-73 
920 # # |a Phòng Tạp chí -- Trung tâm Thông tin - Thư viện Trường Đại học Đà Lạt 
994 # # |a DLU 
900 # # |a True 
911 # # |a Trần Thị Minh Hương 
925 # # |a G 
926 # # |a A 
927 # # |a BB 
980 # # |a Thư viện Trường Đại học Đà Lạt